000 00336nam a22001457a 4500
008 230208b ||||| |||| 00| 0 eng d
020 _a978146410696
041 _aeng
080 _2SIXTH EDITION
_a91
082 _a91PUL
100 _a19.2
101 _aGJEOG
245 _aWORLD REGIONAL GEOGRAPHY
_cPULSPIHER M.L
942 _2udc
_cBK
999 _c59343
_d59343